[Event "Matinhos Caioba op 9th"]
[Site "Matinhos"]
[Date "2025.07.06"]
[Round "9"]
[White "Perdomo, Leandro Daniel"]
[Black "Silva, Kaua Marques"]
[Result "1/2-1/2"]
[WhiteElo "2345"]
[BlackElo "2254"]
[PlyCount "30"]
[EventDate "2025.06.29"]
[EventType "swiss"]
[EventRounds "9"]
[EventCountry "BRA"]
[SourceTitle "CB28_2025"]
[SourceDate "2025.07.09"]
[SourceVersion "1"]
[SourceVersionDate "2025.07.09"]
[SourceQuality "1"]

1. d4 d5 2. c4 e6 3. Nc3 Nf6 4. cxd5 exd5 5. Bg5 c6 6. Qc2 h6 7. Bh4 Be7 8. e3 0-0 9. Bd3 Re8 10. Nf3 Ne4 11. Bxe7 Qxe7 12. 0-0 Nd7 13. b4 Ndf6 14. b5 cxb5 15. Bxb5 Bd7 1/2-1/2

[Event "Pan American-ch U20"]
[Site "Asuncion"]
[Date "2025.06.19"]
[Round "9"]
[White "Chasin, Nico Werner"]
[Black "Silva, Kaua Marques"]
[Result "1-0"]
[WhiteElo "2452"]
[BlackElo "2254"]
[PlyCount "83"]
[EventDate "2025.06.14"]
[EventType "swiss"]
[EventRounds "9"]
[EventCountry "PAR"]
[SourceTitle "CB26_2025"]
[SourceDate "2025.06.25"]
[SourceVersion "1"]
[SourceVersionDate "2025.06.25"]
[SourceQuality "1"]

1. d4 d5 2. c4 e6 3. Nc3 Nf6 4. cxd5 exd5 5. Bg5 c6 6. e3 h6 7. Bh4 Be7 8. Bd3 0-0 9. Nge2 Ne8 10. Bg3 Nd6 11. Qc2 Nd7 12. 0-0 b5 13. a4 b4 14. Na2 Qb6 15. a5 Qb7 16. Nec1 Nf6 17. Nb3 Nfe4 18. Bf4 g5 19. Be5 f6 20. Bxd6 Nxd6 21. Nc5 Qb8 22. Qa4 Nb7 23. Qxc6 Nxc5 24. dxc5 Rd8 25. Nxb4 Qxb4 26. Qxa8 Bh3 27. Qxd8+ Bxd8 28. gxh3 Bc7 29. Rfc1 Qxb2 30. Bf1 Qe5 31. Bg2 h5 32. Ra4 Qb2 33. Bxd5+ Kg7 34. Rac4 Bxa5 35. Bf3 Kh6 36. Rd1 Bc7 37. Re4 Be5 38. Ra4 Bb8 39. Rad4 Qb5 40. Rd5 Bc7 41. Be4 g4 42. h4 1-0

[Event "Pan American-ch U20"]
[Site "Asuncion"]
[Date "2025.06.17"]
[Round "6"]
[White "Silva, Kaua Marques"]
[Black "Johnson, Donald"]
[Result "1-0"]
[WhiteElo "2254"]
[BlackElo "2323"]
[PlyCount "80"]
[EventDate "2025.06.14"]
[EventType "swiss"]
[EventRounds "9"]
[EventCountry "PAR"]
[SourceTitle "CB26_2025"]
[SourceDate "2025.06.25"]
[SourceVersion "1"]
[SourceVersionDate "2025.06.25"]
[SourceQuality "1"]

1. e4 e5 2. Nf3 Nc6 3. Nc3 Nf6 4. a3 d5 5. Bb5 Nxe4 6. Qe2 Qd6 7. Nxe4 dxe4 8. Qxe4 Bd7 9. d4 0-0-0 10. dxe5 Nxe5 11. Bxd7+ Qxd7 12. 0-0 Nxf3+ 13. Qxf3 Qd5 14. Qh3+ Kb8 15. Be3 Bc5 16. c4 Qe5 17. Bxc5 Qxc5 18. Qg3 Qd4 19. b4 Rhe8 20. c5 f5 21. Rac1 Qe4 22. b5 Qe5 23. Qb3 Qd5 24. Qc3 Qe5 25. Qb3 Qd5 26. Qc3 Qd4 27. Qh3 Qf4 28. g3 Qf3 29. a4 h6 30. a5 Rd2 31. Rc4 Qd3 32. Qh5 Re7 33. Rb4 Qd5 34. c6 Qc5 35. Rb3 a6 36. bxa6 Re1 37. Qf3 Qc1 38. Rxb7+ Ka8 39. Rxe1 Qxe1+ 40. Kg2 Rd1 1-0

[Event "American Continental 19th"]
[Site "Foz do Iguacu"]
[Date "2025.05.29"]
[Round "9"]
[White "Mayeregger, Arnold"]
[Black "Silva, Kaua Marques"]
[Result "0-1"]
[WhiteElo "2122"]
[BlackElo "2254"]
[PlyCount "74"]
[EventDate "2025.05.23"]
[EventType "swiss"]
[EventRounds "11"]
[EventCountry "BRA"]
[SourceTitle "CB23_2025"]
[SourceDate "2025.06.04"]
[SourceVersion "1"]
[SourceVersionDate "2025.06.04"]
[SourceQuality "1"]

1. Nf3 d5 2. e3 Nf6 3. c4 e6 4. b3 Bd6 5. Bb2 0-0 6. Nc3 Re8 7. Nb5 Be7 8. Be5 Na6 9. Be2 c6 10. Nc3 Ne4 11. 0-0 f6 12. Bg3 Kh8 13. Qc2 Nxg3 14. fxg3 e5 15. a3 d4 16. Ne4 dxe3 17. dxe3 Qb6 18. Kh1 Qxe3 19. Rae1 Qh6 20. b4 Nc7 21. Nh4 Rf8 22. Nc3 a5 23. c5 axb4 24. axb4 g6 25. Bd3 Re8 26. Ne4 Nd5 27. Bc4 Qg7 28. b5 Be6 29. Qb3 Rad8 30. Rd1 f5 31. Nd6 Bxd6 32. cxd6 e4 33. g4 fxg4 34. Bxd5 cxd5 35. Qg3 Rf8 36. Rxf8+ Rxf8 37. d7 Bxd7 0-1

[Event "Sudest Regional-ch"]
[Site "Pindamonhangaba"]
[Date "2025.03.20"]
[Round "1"]
[White "Bucci, Andrea Vidigal"]
[Black "Silva, Kaua Marques"]
[Result "0-1"]
[WhiteElo "1774"]
[BlackElo "2233"]
[PlyCount "68"]
[EventDate "2025.03.20"]
[EventType "swiss"]
[EventRounds "6"]
[EventCountry "BRA"]
[SourceTitle "CB13_2025"]
[SourceDate "2025.03.26"]
[SourceVersion "1"]
[SourceVersionDate "2025.03.26"]
[SourceQuality "1"]

1. e4 c5 2. Nf3 d6 3. d4 cxd4 4. Nxd4 Nf6 5. Nc3 Nc6 6. Be2 e5 7. Nf3 Be7 8. 0-0 0-0 9. Bg5 Be6 10. Bxf6 Bxf6 11. Nd5 Bg5 12. Nxg5 Qxg5 13. f4 exf4 14. Nxf4 Qe5 15. Nxe6 Qxe6 16. Bf3 Rfe8 17. c3 Ne5 18. Qd5 Qh6 19. Rad1 Rad8 20. Qxb7 Qe3+ 21. Kh1 Nd3 22. Rxd3 Qxd3 23. Qxf7+ Kxf7 24. Be2+ Ke7 25. Bxd3 Rf8 26. Rf5 Rxf5 27. exf5 Kf6 28. g4 Re8 29. Kg2 Re3 30. Bc4 Re4 31. Bd3 Rxg4+ 32. Kf3 h5 33. h3 Rg1 34. Kf2 Rd1 0-1

[Event "Sao Paulo Hebraica op 34th"]
[Site "Sao Paulo"]
[Date "2025.02.02"]
[Round "6"]
[White "Pires, Marcos Vinicius Tor"]
[Black "Silva, Kaua Marques"]
[Result "1/2-1/2"]
[WhiteElo "2245"]
[BlackElo "2249"]
[PlyCount "28"]
[EventDate "2025.01.31"]
[EventType "swiss"]
[EventRounds "6"]
[EventCountry "BRA"]
[SourceTitle "CB06_2025"]
[SourceDate "2025.02.05"]
[SourceVersion "1"]
[SourceVersionDate "2025.02.05"]
[SourceQuality "1"]

1. d4 d5 2. Nf3 Nf6 3. g3 e6 4. Bg2 c5 5. 0-0 Nc6 6. c4 dxc4 7. Ne5 Bd7 8. Na3 cxd4 9. Naxc4 Be7 10. Qb3 Qc7 11. Bf4 Nd5 12. Bxd5 exd5 13. Nxc6 Qxc6 14. Ne5 Qb5 1/2-1/2

[Event "Sao Paulo Hebraica op 34th"]
[Site "Sao Paulo"]
[Date "2025.02.01"]
[Round "3"]
[White "Silva, Kaua Marques"]
[Black "Silveira Ramos, Joao P Laurenti"]
[Result "1-0"]
[WhiteElo "2249"]
[BlackElo "1941"]
[PlyCount "67"]
[EventDate "2025.01.31"]
[EventType "swiss"]
[EventRounds "6"]
[EventCountry "BRA"]
[SourceTitle "CB06_2025"]
[SourceDate "2025.02.05"]
[SourceVersion "1"]
[SourceVersionDate "2025.02.05"]
[SourceQuality "1"]

1. c4 e5 2. Nc3 Nf6 3. Nf3 Nc6 4. e4 h6 5. d4 exd4 6. Nxd4 Bb4 7. Nxc6 bxc6 8. Bd3 0-0 9. 0-0 Re8 10. Qf3 d5 11. exd5 Bxc3 12. bxc3 cxd5 13. Be3 Be6 14. c5 Rb8 15. Bd4 Ne4 16. Qd1 Qg5 17. f4 Qg6 18. Qc2 Bf5 19. Rf3 Rb7 20. Re3 Reb8 21. c4 c6 22. Rc1 Re8 23. cxd5 cxd5 24. Qa4 Rbe7 25. Bb5 Rc8 26. c6 Rec7 27. Be5 Nd6 28. Rg3 Qe6 29. Ba6 Ne8 30. Bxc7 Rxc7 31. Bd3 Nf6 32. Bxf5 Qxf5 33. Qd4 Qe4 34. Qxf6 1-0

[Event "Titled Tuesday intern op 28th Jan Early"]
[Site "Chess.com INT"]
[Date "2025.01.28"]
[Round "2"]
[White "Hertlein, Irena"]
[Black "Silva, Kaua Marques"]
[Result "1/2-1/2"]
[WhiteElo "1982"]
[BlackElo "2249"]
[PlyCount "224"]
[EventDate "2025.01.28"]
[EventType "swiss (blitz)"]
[EventRounds "11"]
[EventCountry "USA"]
[SourceTitle "CB06_2025"]
[SourceDate "2025.02.05"]
[SourceVersion "1"]
[SourceVersionDate "2025.02.05"]
[SourceQuality "1"]

1. e4 e6 2. Nf3 d5 3. exd5 exd5 4. d4 Nf6 5. h3 Bd6 6. Bd3 0-0 7. 0-0 Re8 8. Bg5 Nbd7 9. c3 Nf8 10. Re1 Rxe1+ 11. Qxe1 Ne6 12. Bxf6 Qxf6 13. Ne5 Nf4 14. Bf1 Ng6 15. Nxg6 hxg6 16. Nd2 Bd7 17. g3 Re8 18. Qd1 c6 19. Bg2 Re6 20. Nf1 Qe7 21. Kh2 Re2 22. Kg1 Rxb2 23. Rb1 Rb6 24. Rxb6 axb6 25. Qb3 Bc7 26. a4 Bc8 27. Kh2 Qe2 28. Kg1 g5 29. Nh2 Bf5 30. Bf1 Qe1 31. a5 Bxh3 32. axb6 Bd6 33. c4 dxc4 34. Qxc4 Be6 35. Qd3 Qb4 36. Qe3 g4 37. Be2 Qxb6 38. Nxg4 Qb1+ 39. Kg2 Qf5 40. f3 Bf8 41. Bd3 Qh5 42. Ne5 Bd5 43. g4 Qh4 44. g5 Be7 45. g6 Qg5+ 46. Qxg5 Bxg5 47. gxf7+ Bxf7 48. Nxf7 Kxf7 49. Kf2 Ke6 50. Be4 Kd6 51. Ke2 Bf6 52. Kd3 Bd8 53. Bh7 Ba5 54. Bg6 Kd5 55. Bf7+ Kd6 56. Bg6 b5 57. Bh7 Bb6 58. Bg6 Bd8 59. Bh7 Bf6 60. Bg6 Kc7 61. Bh7 Kb6 62. Be4 Be7 63. f4 Bb4 64. f5 Be7 65. Kc3 Bf6 66. Kd3 Bh4 67. Bf3 Bg5 68. Be4 Bf6 69. Bf3 Be7 70. Be4 Bd6 71. Bf3 Ba3 72. Be4 Bb2 73. Bf3 Kc7 74. Be4 Kd6 75. Bf3 c5 76. dxc5+ Kxc5 77. Bh5 Bf6 78. Bg6 Kb4 79. Kc2 Ka3 80. Kb1 b4 81. Bh7 Kb3 82. Bg6 Kc3 83. Bh7 Be7 84. Bg6 Bd6 85. Bh7 Bc5 86. Bg6 Kd4 87. Bh7 Ke5 88. Bg6 Kf6 89. Bh7 Kg5 90. Bg6 Kh6 91. Kc2 Kg5 92. Kb1 Kf6 93. Kc2 Ke5 94. Kb1 Bd4 95. Kc2 Kd6 96. Kb1 b3 97. Bf7 b2 98. Bg6 Kc5 99. Bh7 Kb4 100. Bg6 Ka3 101. Bh7 Bf6 102. Bg6 Kb4 103. Bh7 Kc3 104. Bg6 Kd2 105. Bh7 Ke3 106. Bg6 Kf4 107. Bh7 Kg5 108. Bg6 Bc3 109. Bh7 Kf6 110. Bg6 Kg5 111. Kc2 Kh6 112. Kb1 Kg5 1/2-1/2

[Event "Florianopolis op 11th"]
[Site "Florianopolis"]
[Date "2025.01.25"]
[Round "9"]
[White "Silva, Kaua Marques"]
[Black "Hataby, Raed"]
[Result "1-0"]
[WhiteElo "2249"]
[BlackElo "1910"]
[PlyCount "63"]
[EventDate "2025.01.18"]
[EventType "swiss"]
[EventRounds "10"]
[EventCountry "BRA"]
[SourceTitle "CB05_2025"]
[SourceDate "2025.01.29"]
[SourceVersion "1"]
[SourceVersionDate "2025.01.29"]
[SourceQuality "1"]

1. e4 d6 2. d4 Nf6 3. Nc3 e5 4. Nf3 Nc6 5. Bb5 Bd7 6. d5 Ne7 7. a4 g6 8. 0-0 Bg7 9. Re1 0-0 10. Ra3 h6 11. Bf1 Kh7 12. a5 a6 13. b4 Ne8 14. Na4 f5 15. c4 Nf6 16. Nc3 f4 17. b5 g5 18. bxa6 bxa6 19. c5 g4 20. Nd2 f3 21. g3 h5 22. Nc4 Nc8 23. Bg5 Bh6 24. Bh4 Qe8 25. Rb3 dxc5 26. d6 Nxd6 27. Nd5 Qg6 28. Nxf6+ Rxf6 29. Bxf6 Qxf6 30. Nxd6 cxd6 31. Rb7 Qe6 32. Qd5 1-0

[Event "Florianopolis op 11th"]
[Site "Florianopolis"]
[Date "2025.01.23"]
[Round "7"]
[White "Silva, Kaua Marques"]
[Black "Mansur, Emilio Roberto Sali"]
[Result "0-1"]
[WhiteElo "2249"]
[BlackElo "1800"]
[PlyCount "65"]
[EventDate "2025.01.18"]
[EventType "swiss"]
[EventRounds "10"]
[EventCountry "BRA"]
[SourceTitle "CB05_2025"]
[SourceDate "2025.01.29"]
[SourceVersion "1"]
[SourceVersionDate "2025.01.29"]
[SourceQuality "1"]

1. c4 e5 2. Nc3 Nf6 3. Nf3 d6 4. d4 exd4 5. Nxd4 Be7 6. g3 0-0 7. Bg2 Nbd7 8. 0-0 Nb6 9. Qb3 c6 10. Rd1 Bd7 11. Bf4 Nh5 12. Be3 Kh8 13. a4 Rb8 14. Bf3 Nf6 15. a5 Na8 16. Qc2 Nc7 17. Nf5 Bxf5 18. Qxf5 a6 19. Rd2 Qd7 20. Qc2 Ng4 21. Bf4 f5 22. Rad1 Rf6 23. Bg5 Rg6 24. Bxe7 Qxe7 25. Qxf5 Rf8 26. Qe4 Ne5 27. b3 Re6 28. Qc2 Nxf3+ 29. exf3 Rxf3 30. Rd3 Rff6 31. R1d2 h5 32. Rd4 Kg8 33. Ne4 0-1

[Event "Brasilia op"]
[Site "Brasilia"]
[Date "2025.01.12"]
[Round "9"]
[White "Terao, Juliana Sayumi"]
[Black "Silva, Kaua Marques"]
[Result "1-0"]
[WhiteElo "2236"]
[BlackElo "2249"]
[PlyCount "93"]
[EventDate "2025.01.07"]
[EventType "swiss"]
[EventRounds "9"]
[EventCountry "BRA"]
[SourceTitle "CB12_2025"]
[SourceDate "2025.03.19"]
[SourceVersion "1"]
[SourceVersionDate "2025.03.19"]
[SourceQuality "1"]

1. e4 c6 2. d4 d5 3. exd5 cxd5 4. Bd3 Nc6 5. c3 Nf6 6. Bf4 Bg4 7. Qb3 Qd7 8. Nd2 e6 9. Ngf3 Bd6 10. Bxd6 Qxd6 11. 0-0 0-0 12. Rae1 Ne7 13. Ne5 Bf5 14. f4 Bxd3 15. Nxd3 Nf5 16. Rf3 Rae8 17. Rh3 Qc7 18. Qd1 g6 19. Qe2 Kg7 20. g4 Nd6 21. Qe5 Nb5 22. a4 Qxe5 23. fxe5 Nxg4 24. axb5 Re7 25. Ra1 Ra8 26. Rf3 b6 27. Nb4 Rd7 28. Nf1 Rc8 29. h3 Nh6 30. Ne3 Ng8 31. Rff1 Rcc7 32. Ra6 h5 33. Nc6 f6 34. Rfa1 fxe5 35. Nxe5 Re7 36. Nc6 Re8 37. Rxa7 Rxa7 38. Rxa7+ Kf6 39. Ne5 Kg5 40. Ng2 Ne7 41. Rb7 Nf5 42. Rxb6 Ng3 43. Ra6 Rf8 44. h4+ Kf5 45. b6 Ke4 46. Ra7 Rb8 47. Nd7 1-0

[Event "Cuiaba Contaud op"]
[Site "Cuiaba"]
[Date "2024.11.23"]
[Round "3"]
[White "Martins, Saulo Marcio L"]
[Black "Silva, Kaua Marques"]
[Result "0-1"]
[WhiteElo "1988"]
[BlackElo "2253"]
[PlyCount "75"]
[EventDate "2024.11.22"]
[EventType "swiss"]
[EventRounds "6"]
[EventCountry "BRA"]
[SourceTitle "CB49_2024"]
[SourceDate "2024.12.04"]
[SourceVersion "1"]
[SourceVersionDate "2024.12.04"]
[SourceQuality "1"]

1. e4 c6 2. d4 d5 3. e5 Bf5 4. Ne2 e6 5. Ng3 Bg6 6. Bd3 c5 7. c3 Nc6 8. 0-0 cxd4 9. cxd4 Qb6 10. Ne2 Nge7 11. Nbc3 a6 12. a3 Bxd3 13. Qxd3 Ng6 14. Be3 Be7 15. f4 Qd8 16. f5 Nh4 17. fxe6 fxe6 18. Nf4 Qd7 19. Nh5 0-0-0 20. Nxg7 Rdg8 21. Rf7 Nd8 22. Na4 Kb8 23. Nc5 Qc7 24. Rc1 Nxf7 25. Nxa6+ bxa6 26. Rxc7 Kxc7 27. Nxe6+ Kb7 28. Qb3+ Ka7 29. Qxd5 Rxg2+ 30. Kf1 Rxb2 31. Nf4 Ng5 32. Qd7+ Rb7 33. d5+ Kb8 34. Qa4 Rc8 35. d6 Bd8 36. Qxa6 Rc2 37. Nd3 Rb1+ 38. Ne1 0-1

[Event "South America-ch U20 19th"]
[Site "Santa Cruz de la Sierra"]
[Date "2024.09.02"]
[Round "9"]
[White "Jaque Gutierrez, Matias"]
[Black "Silva, Kaua Marques"]
[Result "1-0"]
[WhiteElo "2161"]
[BlackElo "2215"]
[PlyCount "63"]
[EventDate "2024.08.28"]
[EventType "swiss"]
[EventRounds "9"]
[EventCountry "BOL"]
[SourceTitle "EXT 2025"]
[Source "ChessBase"]
[SourceDate "2024.10.14"]
[SourceVersion "1"]
[SourceVersionDate "2024.10.14"]
[SourceQuality "1"]

1. d4 Nf6 2. c4 e6 3. g3 d5 4. Nf3 Bb4+ 5. Nc3 0-0 6. Bg2 dxc4 7. a3 Be7 8. 0-0 c5 9. dxc5 Nc6 10. Qa4 Qa5 11. Qxc4 Qxc5 12. Qxc5 Bxc5 13. b4 Be7 14. Bf4 Nh5 15. Bc7 Bd8 16. Bd6 Re8 17. Rfd1 g5 18. h3 f6 19. b5 Ne7 20. Bb4 Bb6 21. e3 Kf7 22. Ne4 Rd8 23. Nd6+ Kf8 24. Nd4 Ng7 25. Nxb7 Bxb7 26. Bxb7 Bxd4 27. Bxa8 Rxa8 28. Rxd4 Ke8 29. Bxe7 Kxe7 30. Rad1 Kf7 31. Rd7+ Kg6 32. Rd8 1-0

[Event "South America-ch U20 19th"]
[Site "Santa Cruz de la Sierra"]
[Date "2024.08.30"]
[Round "4"]
[White "Silva, Kaua Marques"]
[Black "Melian, Juan Sebastian"]
[Result "1-0"]
[WhiteElo "2215"]
[BlackElo "2287"]
[PlyCount "95"]
[EventDate "2024.08.28"]
[EventType "swiss"]
[EventRounds "9"]
[EventCountry "BOL"]
[SourceTitle "EXT 2025"]
[Source "ChessBase"]
[SourceDate "2024.10.14"]
[SourceVersion "1"]
[SourceVersionDate "2024.10.14"]
[SourceQuality "1"]

1. e4 c5 2. Nf3 a6 3. c4 e6 4. Nc3 Qc7 5. d4 cxd4 6. Nxd4 Nf6 7. Bd3 Nc6 8. Nxc6 dxc6 9. f4 e5 10. 0-0 Bc5+ 11. Kh1 Ng4 12. Qf3 Qe7 13. h3 h5 14. f5 Bd7 15. Bd2 Rd8 16. Na4 Bb4 17. Rad1 Bxd2 18. Rxd2 c5 19. Bc2 Bc6 20. Rxd8+ Kxd8 21. Nc3 Nf6 22. Qg3 Rg8 23. Ba4 Kc7 24. Bxc6 bxc6 25. Rd1 h4 26. Qg5 Rb8 27. Qd2 Rd8 28. Qxd8+ Qxd8 29. Rxd8 Kxd8 30. Kg1 Ke7 31. Kf2 Nh5 32. Ne2 Kf6 33. Kf3 Kg5 34. Nc3 Nf6 35. Ke3 g6 36. fxg6 fxg6 37. Kf3 Kh5 38. Ke3 Kg5 39. Kf3 Kh5 40. Ne2 Kg5 41. Nc1 Nd7 42. Nb3 Nb6 43. Nxc5 Nxc4 44. b3 Nd2+ 45. Ke3 Nb1 46. Nxa6 Na3 47. Nb4 c5 48. Nd3 1-0

[Event "Titled Tuesday intern op 30th Jul Late"]
[Site "Chess.com INT"]
[Date "2024.07.30"]
[Round "1"]
[White "Padalka, Artem"]
[Black "Silva, Kaua Marques"]
[Result "0-1"]
[WhiteElo "2177"]
[BlackElo "2224"]
[PlyCount "64"]
[EventDate "2024.07.30"]
[EventType "swiss (blitz)"]
[EventRounds "11"]
[EventCountry "USA"]
[SourceTitle "EXT 2025"]
[Source "ChessBase"]
[SourceDate "2024.10.14"]
[SourceVersion "1"]
[SourceVersionDate "2024.10.14"]
[SourceQuality "1"]

1. Nf3 b6 2. c4 c5 3. g3 Bb7 4. Bg2 Nf6 5. d3 e6 6. e4 d6 7. 0-0 Be7 8. Ne1 Qc7 9. f4 0-0 10. Nc3 Nc6 11. g4 Rfe8 12. g5 Nd7 13. f5 Nde5 14. f6 Bf8 15. Rf4 Ng6 16. Rg4 Rad8 17. Nf3 Nce5 18. Nxe5 Nxe5 19. Rg3 a6 20. Qh5 g6 21. Qh4 b5 22. b3 b4 23. Ne2 d5 24. Nf4 dxe4 25. Rh3 h6 26. Bxe4 Bxe4 27. dxe4 Rd1+ 28. Kf2 Qd6 29. Qg3 Qd4+ 30. Be3 Qb2+ 31. Ne2 Nd3+ 32. Kg2 Qxe2+ 0-1

[Event "Titled Tuesday intern op 30th Jul Late"]
[Site "Chess.com INT"]
[Date "2024.07.30"]
[Round "3"]
[White "Shubenkova, Veronika"]
[Black "Silva, Kaua Marques"]
[Result "0-1"]
[WhiteElo "2030"]
[BlackElo "2224"]
[PlyCount "90"]
[EventDate "2024.07.30"]
[EventType "swiss (blitz)"]
[EventRounds "11"]
[EventCountry "USA"]
[SourceTitle "EXT 2025"]
[Source "ChessBase"]
[SourceDate "2024.10.14"]
[SourceVersion "1"]
[SourceVersionDate "2024.10.14"]
[SourceQuality "1"]

1. e4 c6 2. d4 d5 3. Nc3 dxe4 4. Nxe4 Nf6 5. Nxf6+ exf6 6. c3 Bd6 7. Bd3 0-0 8. Qc2 Re8+ 9. Ne2 h5 10. Bd2 Nd7 11. 0-0-0 Nf8 12. f3 Be6 13. Kb1 Rc8 14. c4 b5 15. c5 Bb8 16. Bf4 Ng6 17. Bxb8 Rxb8 18. Nc1 Nf4 19. Be4 Qd7 20. g3 Nd5 21. Rhe1 f5 22. Bxd5 Bxd5 23. Qf2 a5 24. Nd3 g6 25. Ne5 Qe6 26. Nc4 Qf6 27. Nd6 Re6 28. Ka1 a4 29. Rxe6 Bxe6 30. Qe3 Bd5 31. Qf4 Rd8 32. h4 Kg7 33. Re1 Be6 34. Re3 Kg8 35. Re1 Rd7 36. Qe5 Qxe5 37. dxe5 b4 38. Rd1 Ra7 39. Rd4 b3 40. Ne8 Kf8 41. Nf6 Ra8 42. Nd7+ Ke7 43. Nb6 Ra5 44. Nxa4 bxa2 45. b4 Rxa4 0-1

[Event "Titled Tuesday intern op 30th Jul Late"]
[Site "Chess.com INT"]
[Date "2024.07.30"]
[Round "7"]
[White "Toktomushev, Teimur"]
[Black "Silva, Kaua Marques"]
[Result "1-0"]
[WhiteElo "2300"]
[BlackElo "2224"]
[PlyCount "87"]
[EventDate "2024.07.30"]
[EventType "swiss (blitz)"]
[EventRounds "11"]
[EventCountry "USA"]
[SourceTitle "EXT 2025"]
[Source "ChessBase"]
[SourceDate "2024.10.14"]
[SourceVersion "1"]
[SourceVersionDate "2024.10.14"]
[SourceQuality "1"]

1. d4 Nf6 2. c4 c5 3. d5 e6 4. Nc3 d6 5. Nf3 g6 6. e4 exd5 7. cxd5 Bg4 8. Qa4+ Nbd7 9. Nd2 Bg7 10. h3 Bh5 11. g4 Bxg4 12. hxg4 Nxg4 13. Bh3 Qh4 14. Bxg4 Qxh1+ 15. Ke2 f5 16. Bf3 Qh3 17. Nc4 Ke7 18. Bg5+ Bf6 19. Bxf6+ Nxf6 20. Rh1 Qxh1 21. Bxh1 a6 22. e5 Nd7 23. Nxd6 b5 24. Qh4+ Kf8 25. e6 h6 26. exd7 g5 27. Qh5 Ke7 28. Qf7+ Kxd6 29. Qe6+ Kc7 30. d6+ Kb6 31. Bxa8 Rxa8 32. Nd5+ Kc6 33. Ne7+ Kb6 34. Qxf5 Rd8 35. Qe6 c4 36. Nf5 Kc6 37. Nd4+ Kc5 38. Qe7 c3 39. bxc3 Kc4 40. Qxd8 Kxc3 41. Qh8 b4 42. d8Q Kb2 43. Nf3+ Ka3 44. Qa5# 1-0

[Event "Titled Tuesday intern op 23rd Jul Early"]
[Site "Chess.com INT"]
[Date "2024.07.23"]
[Round "2"]
[White "Cuenca Jimenez, Jose Fernando"]
[Black "Silva, Kaua Marques"]
[Result "1-0"]
[WhiteElo "2479"]
[BlackElo "2224"]
[PlyCount "83"]
[EventDate "2024.07.23"]
[EventType "swiss (blitz)"]
[EventRounds "11"]
[EventCountry "USA"]
[SourceTitle "EXT 2025"]
[Source "ChessBase"]
[SourceDate "2024.10.14"]
[SourceVersion "1"]
[SourceVersionDate "2024.10.14"]
[SourceQuality "1"]

1. d4 Nf6 2. Bf4 e6 3. e3 d5 4. Nf3 Bd6 5. Ne5 c5 6. Bb5+ Ke7 7. 0-0 Qb6 8. c4 Rd8 9. Nc3 a6 10. Ba4 Kf8 11. cxd5 exd5 12. Bc2 Nc6 13. Na4 Qc7 14. Nxc6 Bxf4 15. Nxd8 Bxh2+ 16. Kh1 Qxd8 17. Kxh2 Ng4+ 18. Kg3 Qd6+ 19. Kf3 Nh2+ 20. Ke2 Nxf1 21. Kxf1 c4 22. Kg1 b5 23. Nc5 Kg8 24. Qh5 g6 25. Qe5 Qd8 26. e4 dxe4 27. Nxe4 h5 28. Nf6+ Kf8 29. Re1 Bb7 30. Nxh5 f6 31. Qxf6+ Qxf6 32. Nxf6 Kf7 33. Ng4 Rd8 34. Ne5+ Kg7 35. Rd1 g5 36. f3 Kf6 37. Kf2 Bd5 38. Rh1 Bg8 39. Rh6+ Kg7 40. Rg6+ Kh8 41. Ke3 Bh7 42. Rh6 1-0